| 000 | 00971nam a22002897a 4500 | ||
|---|---|---|---|
| 003 | EG-ScBUE | ||
| 005 | 20220825103821.0 | ||
| 008 | 090211t2001 vraace f 000 0 eng d | ||
| 020 | _a1864700475 | ||
| 020 | _a9781864700473 | ||
| 040 |
_aEG-ScBUE _beng _erda _cEG-ScBUE _dEG-ScBUE |
||
| 082 | 0 | 4 |
_222 _a720 _bENT |
| 245 |
_aThe enthusiasms of Centerbrook / _cwritten by William H. Grover [and four others] ; edited by John Morris Dixon. |
||
| 264 | 1 |
_aMulgrave, Victoria : _bImages Publishing, _c[2001] |
|
| 264 | 4 | _cc2001 | |
| 300 |
_a256 pages : _billustrations (some color), plans, portraits ; _c31 cm |
||
| 336 |
_2rdacontent _atext _btxt |
||
| 337 |
_2rdamedia _aunmediated _bn |
||
| 338 |
_2rdacarrier _avolume _bnc |
||
| 650 | 7 |
_aArchitecture, Modern _y20th century. _2BUEsh |
|
| 651 | _2BUEsh | ||
| 653 | _bENGARC | ||
| 655 |
_vReading book _934232 |
||
| 700 | 1 |
_aGrover, William H., _eauthor. |
|
| 700 | 1 |
_aDixon, John, _d1933- _eeditor. |
|
| 942 |
_2ddc _cBB |
||
| 999 |
_c10813 _d10813 |
||